SSBU - Donkey Kong Moveset - Statistics

General Stats
  • This quiz has been taken 2 times
  • The average score is 15 of 25
Answer Stats
Hint Answer % Correct
Neutral Special Giant Punch
100%
Grab Grab
100%
Down Special Hand Slap
100%
Side Special Headbutt
100%
Forward Throw Kong Karry
100%
Up Aerial Air Headbutt
50%
Down Aerial Air Stampede
50%
Down Throw Bottom Shoot
50%
Up Throw Coconut Toss
50%
Neutral Aerial Donkey Lariat
50%
Foward Smash Dyna Clap
50%
Pummel Grab Chop
50%
Forward Aerial Hammer Knuckle
50%
Neutral Attack Jab
50%
Up Smash Jumbo Press
50%
Final Smash Jungle Rush
50%
Forward Tilt Kongo Backhand
50%
Back Aerial Kong Rocket
50%
Back Throw Reverse Throw
50%
Dash Attack Rolling Attack
50%
Down Tilt Slouch Slap
50%
Up Special Spinning Kong
50%
Down Smash Twin Beat
50%
Upper
50%
Up Tilt Spiderweb Clearing
0%
No matching quizzes found
Score Distribution
Percent of People with Each Score
Percentile by Number Answered
Your Score History
You have not taken this quiz